[Event "RUS-chT Premier 2019"]
[Site "Sochi"]
[Date "2019.05.01"]
[Round "1.28"]
[White "Bocharov, Dmitry"]
[Black "Faizrakhmanov, Ramil"]
[Result "1/2-1/2"]
[WhiteElo "2530"]
[BlackElo "2438"]
[Annotator "ChessBase"]
[PlyCount "103"]
[EventDate "2019.04.30"]
[EventType "team-tourn"]
[EventCountry "RUS"]
[SourceTitle "playchess.com"]
[Source "ChessBase"]
[SourceQuality "1"]
[TimeControl "40/5400+30:1800+30"]

1. Nf3 {[%emt 0:00:00]} Nf6 {[%emt 0:00:00]} 2. c4 {[%emt 0:00:21]} e6 {[%emt 0:00:39]} 3. Nc3 {[%emt 0:00:19]} Bb4 {[%emt 0:01:04]} 4. g4 {[%emt 0:01:19]} h6 {[%emt 0:06:51]} 5. Rg1 {[%emt 0:01:37]} Bxc3 {[%emt 0:03:11]} 6. bxc3 {[%emt 0:08:54]} b6 {[%emt 0:04:22]} 7. d3 {[%emt 0:03:37]} Bb7 {[%emt 0:02:13]} 8. e4 {[%emt 0:04:01]} d6 {[%emt 0:02:18]} 9. h4 {[%emt 0:04:59]} Nc6 {[%emt 0:02:52]} 10. g5 {[%emt 0:06:47]} hxg5 {[%emt 0:00:57]} 11. hxg5 {[%emt 0:00:05]} Nd7 {[%emt 0:00:16]} 12. Be3 {[%emt 0:02:57]} Qe7 {[%emt 0:02:01]} 13. Qc2 {[%emt 0:02:42]} Nce5 {[%emt 0:11:09]} 14. Nd2 {[%emt 0:07:07]} Ng6 {[%emt 0:03:52]} 15. O-O-O {[%emt 0:08:45]} e5 {[%emt 0:03:52]} 16. Be2 {[%emt 0:11:37]} O-O-O {[%emt 0:01:49]} 17. Bg4 {[%emt 0:04:01]} Kb8 {[%emt 0:01:58]} 18. d4 {[%emt 0:09:02]} Ndf8 {[%emt 0:03:06]} 19. d5 {[%emt 0:07:15]} Nf4 {[%emt 0:04:50]} 20. Nf3 {[%emt 0:08:39]} N8g6 {[%emt 0:05:59]} 21. Rh1 {[%emt 0:00:39]} c6 {[%emt 0:08:53]} 22. Kb2 {[%emt 0:01:48]} Qc7 {[%emt 0:03:40]} 23. Nd2 {[%emt 0:01:15]} Bc8 {[%emt 0:08:20]} 24. Bf5 {[%emt 0:00:39]} Bd7 {[%emt 0:06:54]} 25. Bxg6 {[%emt 0:02:00]} Nxg6 {[%emt 0:00:50]} 26. Qd3 {[%emt 0:00:20]} Bc8 {[%emt 0:01:25]} 27. Nb1 {[%emt 0:01:21]} Rxh1 {[%emt 0:03:16]} 28. Rxh1 {[%emt 0:00:13]} Ba6 {[%emt 0:00:16]} 29. Na3 {[%emt 0:00:38]} Rh8 {[%emt 0:04:54]} 30. Rxh8+ {[%emt 0:00:20]} Nxh8 {[%emt 0:00:01]} 31. dxc6 {[%emt 0:01:05]} Qxc6 {[%emt 0:00:52]} 32. Nb5 {[%emt 0:00:27]} Bxb5 {[%emt 0:00:50]} 33. cxb5 {[%emt 0:00:04]} Qd7 {[%emt 0:01:24]} 34. f4 {[%emt 0:00:05]} Ng6 {[%emt 0:00:42]} 35. f5 {[%emt 0:00:56]} Ne7 {[%emt 0:00:54]} 36. a4 {[%emt 0:01:06]} g6 {[%emt 0:00:53]} 37. f6 {[%emt 0:00:27]} Nc8 {[%emt 0:00:20]} 38. c4 {[%emt 0:00:24]} Qb7 {[%emt 0:00:44]} 39. Bd2 {[%emt 0:00:17]} Qd7 {[%emt 0:00:25]} 40. Bb4 {[%emt 0:00:10]} Qe6 {[%emt 0:00:14]} 41. Bd2 {[%emt 0:31:10]} Kb7 {[%emt 0:02:47]} 42. Be3 {[%emt 0:00:00]} Kb8 {[%emt 0:00:32]} 43. Kb3 {[%emt 0:00:00]} Qd7 {[%emt 0:02:44]} 44. Kb4 {[%emt 0:00:00]} Qc7 {[%emt 0:01:56]} 45. Qd5 {[%emt 0:00:00]} Qb7 {[%emt 0:00:12]} 46. Qd3 {[%emt 0:00:00]} Qc7 {[%emt 0:00:17]} 47. Kb3 {[%emt 0:00:00]} Qd7 {[%emt 0:00:29]} 48. Bd2 {[%emt 0:00:00]} Qe6 {[%emt 0:02:59]} 49. a5 {[%emt 0:00:00]} Kc7 {[%emt 0:04:44]} 50. axb6+ {[%emt 0:00:00]} axb6 {[%emt 0:00:53]} 51. Kc2 {[%emt 0:00:00]} Kb8 {[%emt 0:01:30]} 52. Bb4 {[%emt 0:00:00]} 1/2-1/2

[Event "RUS-chT Premier 2019"]
[Site "Sochi"]
[Date "2019.05.01"]
[Round "1.29"]
[White "Makhmutov, Rail"]
[Black "Kezin, Roman"]
[Result "1/2-1/2"]
[WhiteElo "2390"]
[BlackElo "2468"]
[Annotator "ChessBase"]
[PlyCount "106"]
[EventDate "2019.04.30"]
[EventType "team-tourn"]
[EventCountry "RUS"]
[SourceTitle "playchess.com"]
[Source "ChessBase"]
[SourceQuality "1"]
[TimeControl "40/5400+30:1800+30"]

1. d4 {[%emt 0:00:00]} d5 {[%emt 0:00:00]} 2. c4 {[%emt 0:00:00]} e6 {[%emt 0:00:00]} 3. Nf3 {[%emt 0:00:00]} Nf6 {[%emt 0:00:20]} 4. g3 {[%emt 0:00:17]} Be7 {[%emt 0:01:01]} 5. Bg2 {[%emt 0:00:14]} O-O {[%emt 0:00:10]} 6. O-O {[%emt 0:00:49]} dxc4 {[%emt 0:00:44]} 7. Ne5 {[%emt 0:03:16]} c5 {[%emt 0:01:21]} 8. dxc5 {[%emt 0:00:34]} Qc7 {[%emt 0:00:06]} 9. Nxc4 {[%emt 0:01:18]} Qxc5 {[%emt 0:02:14]} 10. b3 {[%emt 0:01:43]} Rd8 {[%emt 0:00:06]} 11. Nbd2 {[%emt 0:00:54]} Nc6 {[%emt 0:00:11]} 12. e3 {[%emt 0:00:37]} Qb5 {[%emt 0:07:06]} 13. Bb2 {[%emt 0:07:19]} Bd7 {[%emt 0:01:41]} 14. Ne4 {[%emt 0:21:48]} Be8 {[%emt 0:02:40]} 15. Qe2 {[%emt 0:03:56]} Nxe4 {[%emt 0:33:49]} 16. Bxe4 {[%emt 0:00:04]} f6 {[%emt 0:05:02]} 17. Rfd1 {[%emt 0:15:09]} Bh5 {[%emt 0:07:54]} 18. Bf3 {[%emt 0:02:14]} Bxf3 {[%emt 0:08:23]} 19. Qxf3 {[%emt 0:00:02]} Qf5 {[%emt 0:08:48]} 20. Qxf5 {[%emt 0:16:33]} exf5 {[%emt 0:00:08]} 21. Bc3 {[%emt 0:04:00]} Kf7 {[%emt 0:03:42]} 22. a4 {[%emt 0:01:56]} Ke6 {[%emt 0:01:09]} 23. Kf1 {[%emt 0:05:06]} Rac8 {[%emt 0:09:53]} 24. Rxd8 {[%emt 0:03:20]} Rxd8 {[%emt 0:01:53]} 25. Na5 {[%emt 0:02:36]} Nxa5 {[%emt 0:01:31]} 26. Bxa5 {[%emt 0:00:01]} Rc8 {[%emt 0:00:52]} 27. Rd1 {[%emt 0:01:04]} Rc2 {[%emt 0:00:08]} 28. Be1 {[%emt 0:03:00]} Rb2 {[%emt 0:02:02]} 29. Rd3 {[%emt 0:00:11]} g5 {[%emt 0:00:47]} 30. h3 {[%emt 0:00:55]} h5 {[%emt 0:00:05]} 31. Bd2 {[%emt 0:02:25]} Rb1+ {[%emt 0:00:10]} 32. Ke2 {[%emt 0:01:30]} Rh1 {[%emt 0:01:31]} 33. Rc3 {[%emt 0:01:40]} Kd7 {[%emt 0:00:01]} 34. Rd3+ {[%emt 0:00:36]} Ke6 {[%emt 0:00:01]} 35. Rc3 {[%emt 0:00:07]} Bd6 {[%emt 0:00:30]} 36. Rc8 {[%emt 0:00:49]} Rb1 {[%emt 0:00:08]} 37. Rh8 {[%emt 0:01:20]} Rxb3 {[%emt 0:00:07]} 38. Rxh5 {[%emt 0:00:07]} Rb2 {[%emt 0:02:09]} 39. Kd3 {[%emt 0:00:58]} Bb4 {[%emt 0:00:34]} 40. Bxb4 {[%emt 0:00:00]} Rxb4 {[%emt 0:00:00]} 41. a5 {[%emt 0:13:49]} Ra4 {[%emt 0:10:46]} 42. Rh7 {[%emt 0:00:59]} Rxa5 {[%emt 0:00:10]} 43. Rxb7 {[%emt 0:00:08]} Ra2 {[%emt 0:00:59]} 44. f4 {[%emt 0:04:15]} Rg2 {[%emt 0:04:41]} 45. fxg5 {[%emt 0:02:43]} fxg5 {[%emt 0:00:13]} 46. g4 {[%emt 0:01:23]} fxg4 {[%emt 0:01:05]} 47. hxg4 {[%emt 0:00:06]} Rxg4 {[%emt 0:01:05]} 48. Rxa7 {[%emt 0:00:07]} Rb4 {[%emt 0:00:10]} 49. Ke2 {[%emt 0:00:20]} Kf6 {[%emt 0:00:10]} 50. Kf3 {[%emt 0:00:12]} Rc4 {[%emt 0:00:02]} 51. Ra6+ {[%emt 0:00:26]} Kf5 {[%emt 0:00:03]} 52. Ra5+ {[%emt 0:00:08]} Kf6 {[%emt 0:00:03]} 53. Ra6+ {[%emt 0:00:06]} Ke5 {Ke4+} 1/2-1/2

[Event "RUS-chT Premier 2019"]
[Site "Sochi"]
[Date "2019.05.01"]
[Round "1.30"]
[White "Murzin, Volodar"]
[Black "Toropov, Pavel"]
[Result "1-0"]
[WhiteElo "2407"]
[BlackElo "2327"]
[Annotator "NA"]
[PlyCount "117"]
[EventDate "2019.04.30"]
[EventType "team-tourn"]
[EventCountry "RUS"]
[SourceTitle "playchess.com"]
[Source "ChessBase"]
[SourceQuality "1"]
[TimeControl "40/5400+30:1800+30"]

1. e4 {[%emt 0:00:00]} e6 {[%emt 0:00:00]} 2. d3 {[%emt 0:00:05]} d5 {[%emt 0:00:00]} 3. Nd2 {[%emt 0:00:06]} Nf6 {[%emt 0:00:00]} 4. Ngf3 {[%emt 0:00:05]} c5 {[%emt 0:00:00]} 5. g3 {[%emt 0:00:20]} Nc6 {[%emt 0:00:00]} 6. Bg2 {[%emt 0:00:04]} Be7 {[%emt 0:00:07]} 7. O-O {[%emt 0:00:07]} b5 {[%emt 0:00:27]} 8. Re1 {[%emt 0:00:10]} O-O {[%emt 0:00:35]} 9. e5 {[%emt 0:01:15]} Nd7 {[%emt 0:00:07]} 10. Nf1 {[%emt 0:00:08]} Qc7 {[%emt 0:00:14]} 11. Bf4 {[%emt 0:00:24]} Bb7 {[%emt 0:00:11]} 12. h4 {[%emt 0:00:37]} Rfc8 {[%emt 0:00:20]} 13. N1h2 {[%emt 0:01:45]} Qd8 {[%emt 0:01:02]} 14. h5 {[%emt 0:02:42]} h6 {[%emt 0:00:13]} 15. Ng4 {[%emt 0:00:24]} a5 {[%emt 0:02:19]} 16. Qd2 {[%emt 0:06:47]} Bf8 {[%emt 0:00:06]} 17. Ngh2 {[%emt 0:06:02]} Be7 {[%emt 0:00:24]} 18. g4 {[%emt 0:01:21]} Ra6 {[%emt 0:00:02]} 19. Re2 {[%emt 0:02:28]} a4 {[%emt 0:00:07]} 20. a3 {[%emt 0:01:10]} b4 {[%emt 0:09:05]} 21. Rae1 {[%emt 0:12:46]} bxa3 {[%emt 0:03:33]} 22. bxa3 {[%emt 0:00:02]} Nd4 {[%emt 0:02:47]} 23. Nxd4 {[%emt 0:05:14]} cxd4 {[%emt 0:00:01]} 24. Qc1 {[%emt 0:03:09]} Qf8 {[%emt 0:19:25]} 25. Qb2 {[%emt 0:05:23]} Ba8 {[%emt 0:23:53]} 26. Qxd4 {[%emt 0:10:24]} Bxa3 {[%emt 0:04:00]} 27. Nf3 {[%emt 0:02:14]} Rb8 {[%emt 0:06:17]} 28. Bc1 {[%emt 0:09:43]} Be7 {[%emt 0:10:36]} 29. Qa1 {[%emt 0:03:22]} a3 {[%emt 0:00:28]} 30. Be3 {[%emt 0:01:15]} Ra4 {[%emt 0:04:16]} 31. Bd4 {[%emt 0:03:02]} Rbb4 {[%emt 0:07:12]} 32. c3 {[%emt 0:00:50]} Rb8 {[%emt 0:01:05]} 33. Qd1 {[%emt 0:02:21]} Bc6 {[%emt 0:00:48]} 34. Ra2 {[%emt 0:00:17]} Qd8 {[%emt 0:03:20]} 35. Nd2 {[%emt 0:01:55]} Nc5 {[%emt 0:01:12]} 36. Bf1 {[%emt 0:06:16]} Qa5 {[%emt 0:01:40]} 37. Qc2 {[%emt 0:01:56]} Rxd4 {[%emt 0:01:51]} 38. cxd4 {[%emt 0:00:18]} Ba4 {[%emt 0:00:01]} 39. Rxa3 {[%emt 0:03:19]} Bxc2 {[%emt 0:01:10]} 40. Rxa5 {[%emt 0:00:00]} Nxd3 {[%emt 0:00:00]} 41. Rea1 {[%emt 0:03:47]} Bb4 {[%emt 0:03:13]} 42. R5a2 {[%emt 0:09:16]} Bxd2 {[%emt 0:02:46]} 43. Bxd3 {[%emt 0:06:09]} Bxd3 {[%emt 0:00:01]} 44. Rxd2 {[%emt 0:00:01]} Bc4 {[%emt 0:00:14]} 45. f3 {[%emt 0:00:42]} Rb7 {[%emt 0:01:56]} 46. Kf2 {[%emt 0:00:30]} Kh7 {[%emt 0:00:09]} 47. Kg3 {[%emt 0:00:48]} g6 {[%emt 0:04:17]} 48. hxg6+ {[%emt 0:00:10]} Kxg6 {[%emt 0:00:02]} 49. Rh1 {[%emt 0:00:31]} Rb3 {[%emt 0:00:41]} 50. Rdh2 {[%emt 0:00:32]} Kg7 {[%emt 0:00:13]} 51. Rxh6 {[%emt 0:00:13]} Rd3 {[%emt 0:02:25]} 52. Rh7+ {[%emt 0:01:07]} Kg8 {[%emt 0:00:01]} 53. Rh8+ {[%emt 0:01:17]} Kg7 {[%emt 0:00:01]} 54. Ra8 {[%emt 0:02:19]} Rxd4 {[%emt 0:00:11]} 55. Rhh8 {[%emt 0:00:16]} f5 {[%emt 0:01:04]} 56. Rag8+ {[%emt 0:01:29]} Kf7 {[%emt 0:00:02]} 57. Rf8+ {[%emt 0:00:26]} Kg7 {[%emt 0:00:15]} 58. gxf5 {[%emt 0:00:42]} exf5 {[%emt 0:00:08]} 59. e6 {[%emt 0:01:04]} 1-0

[Event "RUS-chT Premier 2019"]
[Site "Sochi"]
[Date "2019.05.02"]
[Round "2.1"]
[White "Lobanov, Sergei"]
[Black "Bocharov, Ivan"]
[Result "1/2-1/2"]
[WhiteElo "2513"]
[BlackElo "2568"]
[Annotator "TA"]
[PlyCount "81"]
[EventDate "2019.05.01"]
[EventType "team-tourn"]
[EventCountry "RUS"]
[SourceTitle "playchess.com"]
[Source "ChessBase"]
[SourceQuality "1"]

{[%evp 9,81,0,26,15,18,10,16,27,22,11,33,8,15,-57,0,-57,-41,-52,-52,-71,-70,-95,-16,-95,-72,-109,-112,-103,-110,-307,-113,-93,-60,-41,-61,-109,-5,-4,0,0,0,0,0,0,0,0,-8,-26,-21,-12,0,0,0,0,0,0,0,0,0,0,0,0,0,0,0,0,0,0,0,0,0,0,0,0]} 1. e4 c6 2. d4 d5 3. e5 Bf5 4. Bd3 Bxd3 5. Qxd3 Qa5+ 6. Nd2 {B12: Caro-Kann: Advance Variation} (6. c3 {is interesting.} e6 7. Ne2 Ne7 8. O-O Qa6 9. Qd1) (6. c3 Qa6 7. Qxa6 Nxa6 8. Be3 e6 9. Nd2 Ne7 10. Ne2 c5 11. dxc5 Nc6 12. b4 Nxe5 13. O-O Nb8 14. f4 {0-1 (60) Traistaru,T (2187)-Marjanovic,A (2354) Arad 2017}) 6... e6 7. Ne2 c5 8. O-O Nc6 9. c3 Rc8 $146 ({Predecessor:} 9... cxd4 10. cxd4 Nge7 11. a3 Nf5 12. Nf3 Be7 13. Bf4 Qb6 14. Rfc1 Nh4 15. Nxh4 Bxh4 {½-½ (26) Wuertele,S-Deckert,F Hassloch 1999}) 10. f4 Nge7 11. g4 ({White should try} 11. Nf3 $11) 11... cxd4 (11... h5 $15 12. g5 Nf5) 12. Nxd4 (12. Nb3 $1 $11 Qb6 13. Nexd4) 12... Nxd4 $15 13. cxd4 h5 14. h3 hxg4 15. hxg4 Nc6 (15... Qa6 $17 16. Qxa6 bxa6) 16. Nb3 (16. Nf3 $1 $11) 16... Qb6 17. Be3 Nb4 18. Qd1 Rh3 19. Re1 $2 {[#]} (19. Bd2 $17 {was called for.}) 19... Rc2 $2 (19... Qd8 $1 $19 {has better winning chances.} 20. Bf2 Nd3 {[%mdl 64] Double Attack}) 20. Re2 $17 Rxe2 21. Qxe2 Qa6 22. Qxa6 bxa6 (22... Nxa6 $17 23. Re1 Rh4) 23. Bd2 $11 Rg3+ 24. Kf2 Rxg4 25. Kf3 Rh4 26. Rc1 Kd7 27. Bxb4 Bxb4 28. Nc5+ Bxc5 29. Rxc5 {[%mdl 4096] Endgame KR-KR. The position is equal.} Rh2 30. Ra5 Rxb2 31. Rxa6 Rb7 32. Kg4 Rb4 33. Rxa7+ Ke8 34. Ra8+ Ke7 35. Ra7+ Ke8 36. Ra8+ Ke7 37. Ra7+ Ke8 38. Ra8+ Ke7 39. Ra7+ Ke8 40. Ra8+ Ke7 41. Ra7+ {Accuracy: White = 44%, Black = 39%.} 1/2-1/2

[Event "RUS-chT Premier 2019"]
[Site "Sochi"]
[Date "2019.05.02"]
[Round "2.2"]
[White "Khanin, Semen"]
[Black "Usmanov, Vasily"]
[Result "1/2-1/2"]
[WhiteElo "2524"]
[BlackElo "2437"]
[Annotator "ChessBase"]
[PlyCount "209"]
[EventDate "2019.05.01"]
[EventType "team-tourn"]
[EventCountry "RUS"]
[SourceTitle "playchess.com"]
[Source "ChessBase"]
[SourceQuality "1"]
[TimeControl "40/5400+30:1800+30"]

1. e4 {[%emt 0:00:00]} c5 {[%emt 0:00:00]} 2. Nf3 {[%emt 0:00:00]} Nc6 {[%emt 0:00:00]} 3. d4 {[%emt 0:00:00]} cxd4 {[%emt 0:00:00]} 4. Nxd4 {[%emt 0:00:00]} Nf6 {[%emt 0:00:00]} 5. Nc3 {[%emt 0:00:00]} e6 {[%emt 0:00:00]} 6. Ndb5 {[%emt 0:00:01]} Bb4 {[%emt 0:00:06]} 7. a3 {[%emt 0:01:07]} Bxc3+ {[%emt 0:00:07]} 8. Nxc3 {[%emt 0:00:03]} d5 {[%emt 0:00:07]} 9. exd5 {[%emt 0:00:49]} exd5 {[%emt 0:00:06]} 10. Bd3 {[%emt 0:00:56]} O-O {[%emt 0:00:09]} 11. O-O {[%emt 0:00:08]} d4 {[%emt 0:00:05]} 12. Ne2 {[%emt 0:01:35]} Bg4 {[%emt 0:00:15]} 13. Bg5 {[%emt 0:04:51]} h6 {[%emt 0:01:39]} 14. Bh4 {[%emt 0:00:27]} Bxe2 {[%emt 0:00:13]} 15. Bxe2 {[%emt 0:12:53]} Re8 {[%emt 0:00:23]} 16. Bc4 {[%emt 0:01:43]} Ne5 {[%emt 0:12:06]} 17. Bb3 {[%emt 0:00:56]} Qb6 {[%emt 0:00:41]} 18. Re1 {[%emt 0:03:43]} Rad8 {[%emt 0:12:14]} 19. Bg3 {[%emt 0:04:44]} Nc6 {[%emt 0:03:58]} 20. Qd3 {[%emt 0:04:01]} Na5 {[%emt 0:06:44]} 21. Ba4 {[%emt 0:01:04]} Nc6 {[%emt 0:00:36]} 22. b4 {[%emt 0:03:57]} a5 {[%emt 0:08:20]} 23. b5 {[%emt 0:01:19]} Ne7 {[%emt 0:00:45]} 24. Bb3 {[%emt 0:03:47]} Ned5 {[%emt 0:03:58]} 25. Be5 {[%emt 0:09:51]} Nc3 {[%emt 0:15:27]} 26. Qg6 {[%emt 0:11:04]} Re7 {[%emt 0:00:11]} 27. Bxf6 {[%emt 0:18:21]} Qxf6 {[%emt 0:00:06]} 28. Qxf6 {[%emt 0:00:20]} Rxe1+ {[%emt 0:00:03]} 29. Rxe1 {[%emt 0:00:04]} gxf6 {[%emt 0:00:05]} 30. Re7 {[%emt 0:00:49]} a4 {[%emt 0:00:03]} 31. Bxf7+ {[%emt 0:01:08]} Kf8 {[%emt 0:00:03]} 32. Rxb7 {[%emt 0:00:07]} Nxb5 {[%emt 0:00:03]} 33. Bg6 {[%emt 0:03:12]} Nxa3 {[%emt 0:00:05]} 34. Kf1 {[%emt 0:07:50]} Rc8 {[%emt 0:03:47]} 35. Rf7+ {[%emt 0:00:05]} Kg8 {[%emt 0:00:03]} 36. Ra7 {[%emt 0:00:04]} Nxc2 {[%emt 0:06:21]} 37. Rxa4 {[%emt 0:00:04]} Kg7 {[%emt 0:03:15]} 38. Bd3 {[%emt 0:03:58]} Rc7 {[%emt 0:01:01]} 39. h3 {[%emt 0:02:38]} Kf8 {[%emt 0:02:53]} 40. Ke2 {[%emt 0:00:00]} Re7+ {[%emt 0:00:00]} 41. Kd2 {[%emt 0:02:38]} Ne1 {[%emt 0:02:10]} 42. Bf1 {[%emt 0:07:57]} d3 {[%emt 0:00:12]} 43. Rg4 {[%emt 0:03:25]} Kf7 {[%emt 0:00:55]} 44. h4 {[%emt 0:00:10]} h5 {[%emt 0:02:59]} 45. Ra4 {[%emt 0:00:40]} Kg7 {[%emt 0:01:28]} 46. Ra5 {[%emt 0:02:13]} Kh6 {[%emt 0:00:11]} 47. Ra6 {[%emt 0:02:32]} Kg7 {[%emt 0:00:31]} 48. Ra4 {[%emt 0:00:04]} Kh6 {[%emt 0:02:35]} 49. Ra5 {[%emt 0:00:03]} Nxg2 {[%emt 0:01:57]} 50. Bxg2 {[%emt 0:00:21]} Re2+ {[%emt 0:00:04]} 51. Kxd3 {[%emt 0:00:04]} Rxf2 {[%emt 0:00:04]} 52. Be4 {[%emt 0:01:55]} Rf4 {[%emt 0:00:24]} 53. Ra6 {[%emt 0:00:34]} Kg7 {[%emt 0:02:14]} 54. Ra7+ {[%emt 0:00:02]} Kf8 {[%emt 0:00:15]} 55. Bd5 {[%emt 0:02:13]} Rxh4 {[%emt 0:00:40]} 56. Rf7+ {[%emt 0:01:45]} Ke8 {[%emt 0:00:04]} 57. Rxf6 {[%emt 0:00:04]} Ke7 {[%emt 0:00:10]} 58. Rh6 {[%emt 0:00:04]} Ra4 {[%emt 0:00:41]} 59. Bc4 {[%emt 0:00:26]} Ra1 {[%emt 0:00:23]} 60. Rxh5 {[%emt 0:00:24]} Rd1+ {[%emt 0:01:26]} 61. Ke4 {[%emt 0:00:07]} Re1+ {[%emt 0:00:35]} 62. Kd4 {[%emt 0:00:52]} Rd1+ {[%emt 0:01:57]} 63. Bd3 {[%emt 0:00:13]} Kd6 {[%emt 0:00:13]} 64. Rh6+ {[%emt 0:00:03]} Kd7 {[%emt 0:00:07]} 65. Ke4 {[%emt 0:00:11]} Kc7 {[%emt 0:00:34]} 66. Bc4 {[%emt 0:00:15]} Kd7 {[%emt 0:00:24]} 67. Bd5 {[%emt 0:00:05]} Re1+ {[%emt 0:00:26]} 68. Kd4 {[%emt 0:00:01]} Rd1+ {[%emt 0:00:08]} 69. Ke5 {[%emt 0:00:03]} Re1+ {[%emt 0:00:09]} 70. Be4 {[%emt 0:00:02]} Ke7 {[%emt 0:00:12]} 71. Rh7+ {[%emt 0:00:01]} Ke8 {[%emt 0:00:05]} 72. Kd5 {[%emt 0:00:04]} Kf8 {[%emt 0:00:04]} 73. Ra7 {[%emt 0:00:16]} Re2 {[%emt 0:00:51]} 74. Bf5 {[%emt 0:00:20]} Re7 {[%emt 0:00:25]} 75. Ra1 {[%emt 0:00:56]} Kg7 {[%emt 0:01:14]} 76. Be6 {[%emt 0:00:07]} Kf6 {[%emt 0:00:37]} 77. Rf1+ {[%emt 0:00:07]} Kg5 {[%emt 0:00:35]} 78. Ke5 {[%emt 0:00:05]} Ra7 {[%emt 0:00:41]} 79. Rg1+ {[%emt 0:00:03]} Kh4 {[%emt 0:04:19]} 80. Bf5 {[%emt 0:00:27]} Ra2 {[%emt 0:05:51]} 81. Kf6 {[%emt 0:04:46]} Rf2 {[%emt 0:01:07]} 82. Rg8 {[%emt 0:00:49]} Rf3 {[%emt 0:00:35]} 83. Rg2 {[%emt 0:00:15]} Rf4 {[%emt 0:00:42]} 84. Ke5 {[%emt 0:00:09]} Rf3 {[%emt 0:00:50]} 85. Rg4+ {[%emt 0:01:28]} Kh3 {[%emt 0:00:34]} 86. Ke4 {[%emt 0:00:55]} Rg3 {[%emt 0:00:33]} 87. Rg8+ {[%emt 0:00:14]} Kh4 {[%emt 0:01:19]} 88. Rh8+ {[%emt 0:00:53]} Kg5 {[%emt 0:00:02]} 89. Ke5 {[%emt 0:00:04]} Re3+ {[%emt 0:01:09]} 90. Be4 {[%emt 0:00:02]} Rg3 {[%emt 0:00:12]} 91. Rg8+ {[%emt 0:01:23]} Kh4 {[%emt 0:00:06]} 92. Rf8 {[%emt 0:00:02]} Kg5 {[%emt 0:03:37]} 93. Bf3 {[%emt 0:00:05]} Kh4 {[%emt 0:00:25]} 94. Kf4 {[%emt 0:00:05]} Rg4+ {[%emt 0:00:04]} 95. Ke3 {[%emt 0:00:06]} Rg7 {[%emt 0:00:43]} 96. Kf4 {[%emt 0:00:36]} Rg4+ {[%emt 0:00:11]} 97. Kf5 {[%emt 0:00:03]} Rg5+ {[%emt 0:00:10]} 98. Kf6 {[%emt 0:00:02]} Ra5 {[%emt 0:01:46]} 99. Rg8 {[%emt 0:00:03]} Ra3 {[%emt 0:00:14]} 100. Bg4 {[%emt 0:00:46]} Kg3 {[%emt 0:00:42]} 101. Bf5+ {[%emt 0:00:06]} Kf4 {[%emt 0:00:19]} 102. Rg4+ {[%emt 0:00:02]} Kf3 {[%emt 0:00:09]} 103. Rh4 {[%emt 0:00:02]} Ra7 {[%emt 0:00:47]} 104. Rh7 {[%emt 0:00:02]} Rxh7 {[%emt 0:00:05]} 105. Bxh7 {[%emt 0:00:03]} 1/2-1/2

[Event "RUS-chT Premier 2019"]
[Site "Sochi"]
[Date "2019.05.02"]
[Round "2.3"]
[White "Pershin, Denis"]
[Black "Tsydypov, Zhamsaran"]
[Result "0-1"]
[WhiteElo "2409"]
[BlackElo "2546"]
[Annotator "ChessBase"]
[PlyCount "82"]
[EventDate "2019.05.01"]
[EventType "team-tourn"]
[EventCountry "RUS"]
[SourceTitle "playchess.com"]
[Source "ChessBase"]
[SourceQuality "1"]
[TimeControl "40/5400+30:1800+30"]

1. d4 {[%emt 0:00:00]} Nf6 {[%emt 0:00:15]} 2. c4 {[%emt 0:00:00]} g6 {[%emt 0:00:28]} 3. Nc3 {[%emt 0:00:00]} Bg7 {[%emt 0:01:52]} 4. e4 {[%emt 0:00:00]} d6 {[%emt 0:00:04]} 5. f3 {[%emt 0:00:16]} O-O {[%emt 0:00:21]} 6. Be3 {[%emt 0:00:05]} Nc6 {[%emt 0:00:04]} 7. Nge2 {[%emt 0:00:15]} a6 {[%emt 0:00:07]} 8. Qd2 {[%emt 0:00:48]} Rb8 {[%emt 0:02:07]} 9. h4 {[%emt 0:00:16]} b5 {[%emt 0:04:34]} 10. Nc1 {[%emt 0:14:16]} bxc4 {[%emt 0:04:38]} 11. Bxc4 {[%emt 0:00:15]} e5 {[%emt 0:00:22]} 12. d5 {[%emt 0:13:42]} Na5 {[%emt 0:00:54]} 13. Bd3 {[%emt 0:00:33]} c6 {[%emt 0:01:00]} 14. N1e2 {[%emt 0:12:30]} cxd5 {[%emt 0:01:17]} 15. exd5 {[%emt 0:00:05]} e4 {[%emt 0:07:09]} 16. fxe4 {[%emt 0:01:11]} Ng4 {[%emt 0:00:08]} 17. b3 {[%emt 0:05:00]} f5 {[%emt 0:08:42]} 18. Bg5 {[%emt 0:05:32]} Qb6 {[%emt 0:01:02]} 19. Rf1 {[%emt 0:00:14]} h6 {[%emt 0:06:22]} 20. Bf4 {[%emt 0:04:11]} fxe4 {[%emt 0:03:19]} 21. Bxe4 {[%emt 0:00:06]} Bf5 {[%emt 0:06:15]} 22. Na4 {[%emt 0:03:06]} Qd8 {[%emt 0:01:52]} 23. Bxf5 {[%emt 0:00:21]} Rxf5 {[%emt 0:00:50]} 24. Rc1 {[%emt 0:01:56]} Qxh4+ {[%emt 0:06:22]} 25. g3 {[%emt 0:00:32]} Qd8 {[%emt 0:02:48]} 26. Bxd6 {[%emt 0:07:09]} Rxf1+ {[%emt 0:03:36]} 27. Kxf1 {[%emt 0:00:06]} Qxd6 {[%emt 0:00:05]} 28. Qxa5 {[%emt 0:00:15]} Qf6+ {[%emt 0:02:35]} 29. Nf4 {[%emt 0:04:11]} g5 {[%emt 0:02:04]} 30. Qc7 {[%emt 0:04:45]} Rf8 {[%emt 0:02:09]} 31. Qb6 {[%emt 0:01:22]} gxf4 {[%emt 0:00:52]} 32. Qxf6 {[%emt 0:00:09]} Nxf6 {[%emt 0:03:35]} 33. d6 {[%emt 0:00:26]} fxg3 {[%emt 0:00:58]} 34. Kg2 {[%emt 0:00:21]} Ne4 {[%emt 0:01:20]} 35. d7 {[%emt 0:00:14]} Rf2+ {[%emt 0:00:22]} 36. Kh3 {[%emt 0:00:07]} Bf6 {[%emt 0:00:08]} 37. Nc5 {[%emt 0:01:04]} Rh2+ {[%emt 0:00:30]} 38. Kg4 {[%emt 0:00:06]} Nxc5 {[%emt 0:00:07]} 39. Kxg3 {[%emt 0:00:24]} Rh5 {[%emt 0:00:05]} 40. Rd1 {[%emt 0:00:00]} Bd8 {[%emt 0:00:00]} 41. Re1 {[%emt 0:00:41]} Bc7+ {[%emt 0:00:37]} 0-1